00922nam a22002537a 450000500170000001000130001702000220003003500130005203700160006504000120008108200130009310000300010624500870013626000380022327000510026130000290031250000500034165000330039165000400042470000280046494200220049299900190051495201350053320170124110023.0 aB-108064 c00.00a8173713987 aB-108064 bCen Lib/Ret aDPLbEN a510bNAR aNarlikar, Jayant V920196 aFun and fundamentals of Mathematics /cby Jayant V Narlikar [and] Mangala Narlikar bUniversity Pressc2001aHyderabad a3-5-272, HimayatnagarbAndhra Pradeshe500 029 avi,194p. :c22(Hb)bill. aIncludes bibliographical references and index aMathematical puzzles.920197 aMathematics and imagination.920198 aNalikar, Mangala920199 2ddccENh510mNAR c127339d127339 00104070aLbLd2015-06-29eCen Lib/Retg0.00l3m1o510 NARpB-108064r2022-02-09 00:00:00s2022-01-28t1v0.00w2015-06-29yEN